Quizzes
Events
Quiz Creation
Community
Videos
Private Events
Remove Ads
Sign In
Join for FREE
Feedback
Dark Mode
Quiz Categories
Sports
Geography
Music
Movies
Television
Just For Fun
Miscellaneous
History
Literature
Language
Science
Gaming
Entertainment
Religion
Holiday
For Kids
Quiz Lab
Recent
Popular Today
Quiz Kudos Today
Editor Picks
Curator Picks
Quizzes by...
Day
Popularity
Type
Ratings
Length
Year
Community
Subscriptions
Recent Discussions
Orange Saloon
Badges
Playlists
Quests
Create
Leaderboards
Showdown
Live 5
Trivia Bingo
Activity
Puzzle Library
Sporcle Events
Private Events
Virtual Trivia
Globe League
Become a Host
Pub Owners
SporcleCon
Opinionation
Our Games
Videos
Blog
Mobile Apps
Partnerships
Remove Ads and Go Orange
Feedback
Geography
Country
Landmarks
City
State
Population
World
Capital
Continent
Flags
Europe
Africa
Asia
South America
North America
Oceania
Border
Canada
United Kingdom
Topography
United States
Geography
Country
Landmarks
City
State
Population
World
Capital
Continent
Flags
Europe
Africa
Asia
South America
North America
Oceania
Border
Canada
United Kingdom
Topography
United States
Random Quiz
Search Sporcle
×
Quiz Lab
Quiz Lab
Geography
State
Select answers by clicking on text or image buttons
Select answers by clicking on text or image buttons
Clickable
Best Score? Go Orange.
50 Astonishing Facts You Never Knew About the 50 States Stats
Can you pick the correct state each astonishing fact represents?
By
gingerlover
15m
50 Questions
969 Plays
969 Plays
969 Plays
Comments
Comments
Give Quiz Kudos
Give Quiz Kudos
-
- Ratings
hide this ad
Forced Order
Answers have to be entered in order
Answers have to be entered in order
Replay
Link that replays current quiz
Next Quiz
Link to next quiz in quiz playlist
You Got
0%
They Got
Avg Score
40%
Avg Friend Score
Upgrade to see
Score Distribution
Jump to the score distribution portion of the page
Score
0/50
Timer
15:00
0
Plays Today
% Correct
New York
80.2%
Rhode Island
79.5%
Georgia
79%
Maine
77.8%
Nevada
77.4%
Illinois
76.3%
Missouri
75.1%
California
72.2%
Idaho
71.6%
Tennessee
69%
Pennsylvania
68.2%
Texas
68.2%
Minnesota
67.5%
Washington
62.4%
South Carolina
61.2%
North Carolina
60.7%
Kentucky
60.2%
Michigan
60.1%
New Hampshire
56.4%
Hawaii
53.7%
Delaware
46.2%
Kansas
44.5%
Nebraska
38.8%
Colorado
37.6%
Arkansas
36.7%
% Correct
Ohio
36.4%
Wisconsin
34.7%
West Virginia
34%
Vermont
32.5%
Wyoming
32.4%
Indiana
29.9%
Connecticut
20.5%
Virginia
17.3%
Maryland
16.5%
Florida
16.1%
Utah
15.5%
Louisiana
14.6%
Alabama
14.2%
Oklahoma
14.2%
Mississippi
14%
Alaska
13.9%
Montana
13.5%
Iowa
12.5%
New Jersey
12.1%
New Mexico
11.9%
Oregon
11.4%
South Dakota
11.3%
Arizona
11%
Massachusetts
10.6%
North Dakota
10.5%
Quiz Playlist
Details
Report
Send in Message
Add To Playlist
Clickable:
Select answers by clicking on text or image buttons
Forced Order:
Answers have to be entered in order
Quiz Source
Last Updated: Aug 3, 2017
Quiz Scoreboard
CHALLENGE
Sign Up to Join the Scoreboard
Show All
Scores
Hide
Comments
May contain spoilers
Recently Published
1-10 Letter E Words III
by El_Dandy
Language
2m
One Thing in Common: World Cities II
by knightlancer
Geography
7m
Popular People in 1961
by mucciniale
History
6m
More to Explore
Quiz From the Vault
Featured Blog Post
Where Did the Easter Bunny Come From?
hide this ad
You Might Also Like...
Tags
Clickable Quiz
General Knowledge Quiz
State Quiz
United States Quiz
America
Fact Given
Unbelievable Facts
US History
Today's Top Quizzes in Geography
Browse Geography
hide this ad
Today's Top Quizzes in State
Browse State
Top Contributed Quizzes in Geography
1
Countries of the World - No Outlines Minefield
2
Top 25 Cities of France on a map
3
Closest Countries to UK A-Z
4
African Flag Reveal XLV
5
Blind Ultimate Minefield: USA
6
One Thing in Common: United Kingdom
7
Blind Secret Country CLXXXVIII
8
One Thing in Common: Asia
9
Find the US States - No Outlines
10
One Thing in Common: Geography
Explore More
Trending Topics
NBA
Harry Potter
Anime
Crossword
Marvel
Disney
Kpop
Song
The Office
WWE
Soccer
Country
Pokémon
NFL
Puzzle
hide this ad
More By:
gingerlover
Quiz
Plays
Rating
Category
Featured
Created
Movies by Last Name
107,610
4.69
Movies
Jan 23, 2018
Movies by Last Name II
78,913
4.72
Movies
Jan 23, 2018
Which Mario Game?
77,594
4.70
Gaming
Jun 6, 2018
Movies by Last Name III
58,559
4.46
Movies
Mar 3, 2018
Character Ice Cream
58,089
4.60
Miscellaneous
May 5, 2017
Go to Creator's Profile
Score Distribution
Quiz Creator Spotlight
gingerlover
Follow
Send a Message
Quizzes Created
-
Created Quiz Play Count
-
More By This Creator
Popular Quizzes Today
1
Find the US States - No Outlines Minefield
2
Find the Countries of Europe - No Outlines Minefield
3
The Countries of the World
4
Popular People in 1961
5
1-10 Letter E Words III
6
Find the US States
7
One Thing in Common: World Cities II
8
US States
More Geography Quizzes
Complete the Map Snippet - Picture Click XII
Quiz Lab
Trending Quizzes
Risky Map Clicking: Least Populous States A-Z
1-10 Letter F Words
1-10 Letter G Words
One Thing in Common: United Kingdom
Risky Map Clicking: Biggest States A-Z
Recently Updated
Leaping Animals
pecheneg
Reality TV Shows (A-Z)
bhenderson79
Rickey Henderson's Hall of Fame Teammates
pecheneg
Champions League XIs: Arsenal
pecheneg
Quick Pick: Celebrities in WWE's Hall of Fame
aduchscher
A-Z Keypad Blitz II
pecheneg
Multiple Oscar Actors
pecheneg
Mystery Phrase Blitz: Oscar 'Best Actors'
pecheneg
F. Scott Fitzgerald Novels
LTH
Pick 3 Villains
ddd62291
Trending Topics
Marvel
Crossword
Anime
Kpop
Disney
NBA
Harry Potter
Pokémon
NFL
WWE
Puzzle
Song
Country
The Office
Soccer
Your Account Isn't Verified!
In order to create a playlist on Sporcle, you need to verify the email address you used during registration. Go to your
Sporcle Settings
to finish the process.
Report this User
Report this user for behavior that violates our
Community Guidelines
.
Details:
Send Report
Go to the Sporcle.com Mobile Site →
Comments